000 01188cam a2200325 a 4500
001 2071237
003 ARRUPE
005 20140304020011.0
008 941223s1995 nyu b 000 0 eng
010 _a 94045999
020 _a0415119456 (pbk.)
040 _aDLC
_cDLC
_dDLC
043 _ae-fr---
050 0 0 _aDC131
_b.S47 1995
082 0 0 _a944/.034
_220
100 1 _aShennan, J. H.
_96009
245 1 0 _aFrance before the revolution /
_cJ.H. Shennan.
250 _a2nd ed.
260 _aLondon ;
_aNew York, N.Y. :
_bRoutledge,
_c1995.
300 _aix, 48 p. ;
_c22 cm.
440 0 _aLancaster pamphlets
_96010
504 _aIncludes bibliographical references (p. 47-48).
651 0 _aFrance
_xHistory
_yLouis XV, 1715-1774.
_96011
651 0 _aFrance
_xHistory
_yLouis XVI, 1774-1793.
_96012
651 0 _aFrance
_xHistory
_yRevolution, 1789-1799
_xCauses.
_96013
856 4 2 _3Publisher description
_uhttp://www.loc.gov/catdir/enhancements/fy0649/94045999-d.html
906 _a7
_bcbc
_corignew
_d1
_eocip
_f19
_gy-gencatlg
942 _2lcc
_cMONOGRAPH
_01
999 _c119368
_d119368